अवकाशताण सिद्धांत (Record no. 1045282)

MARC details
000 -LEADER
fixed length control field 00622nam a2200181Ia 4500
008 - FIXED-LENGTH DATA ELEMENTS--GENERAL INFORMATION
fixed length control field 151018s9999 xx 000 0 und d
082 ## - DEWEY DECIMAL CLASSIFICATION NUMBER
Item number RBASDV46121
Classification number 520
100 ## - MAIN ENTRY--PERSONAL NAME
Personal name संजय सोनवणी
245 ## - TITLE STATEMENT
Title अवकाशताण सिद्धांत
250 ## - EDITION STATEMENT
Remainder of edition statement 1
260 ## - PUBLICATION, DISTRIBUTION, ETC. (IMPRINT)
Name of publisher, distributor, etc पुष्प प्रकाशन पुणे
Date of publication, distribution, etc 2007
300 ## - PHYSICAL DESCRIPTION
Extent 100
600 ## - SUBJECT ADDED ENTRY--PERSONAL NAME
Personal name संजय सोनवणी
630 ## - SUBJECT ADDED ENTRY--UNIFORM TITLE
Uniform title अवकाशताण सिद्धांत
700 ## - ADDED ENTRY--PERSONAL NAME
Personal name संजय सोनवणी
730 ## - ADDED ENTRY--UNIFORM TITLE
Uniform title अवकाशताण सिद्धांत
942 ## - ADDED ENTRY ELEMENTS (KOHA)
Koha item type Book
Holdings
Withdrawn status Lost status Damaged status Not for loan Home library Current library Date acquired Cost, normal purchase price Total Checkouts Full call number Barcode Date last seen Cost, replacement price Price effective from Koha item type
        R.B. Anant Shivaji Desai Vachanalaya and Granthalaya, Kudal R.B. Anant Shivaji Desai Vachanalaya and Granthalaya, Kudal 11/01/2008 21.00   RBASDV46121 RBASDV46121 10/18/2015 21.00 10/18/2015 Book